Szczegóły MARC21

Internat formą opieki wychowawczej : metodyczne refleksje i wspomaganie rozwoju wychowanków /

003 -Nazwa inst., której nr kontr. jest w polu 001 [,]
    • @
    • Nazwa instytucji, której n kontrolny jest w polu 001
    • NUKAT
005 -DATA I CZAS OSTATNIEJ MODYFIKACJI [,]
    • @
    • pole kontrolne
    • 20241231111308.0
020 -Międzynarod. znormalizowany nr książki - ISBN [ , ]
    • a
    • Numer ISBN
    • 8390370379 Find
040 -Instytucja sporządzająca opis [ , ]
    • a
    • Instytucja, która sporządziła opis (NP)
    • TOR U/PDJR
    • c
    • Instytucja, która sporządziła rekord (NP)
    • TOR U/PDJR
    • d
    • Instytucja, która zmodyfikowała rekord (P)
    • TOR U/AP
    • d
    • Instytucja, która zmodyfikowała rekord (P)
    • Ł U/MRs
942 -Rodzaj dokumentu [ , ]
    • c
    • Rodzaj dokumentu
    • Książka
100 -Hasło główne - nazwa osobowa [1, ]
    • a
    • Nazwa osobowa (NP)
    • Grądzki, Władysław.
    • 9
    • KHW
    • 58870
245 -Strefa tytułu i oznaczenia odpowiedzialności [1,0]
    • a
    • Tytuł
    • Internat formą opieki wychowawczej : Find
    • b
    • Ciąg dalszy tytułu (NP)
    • metodyczne refleksje i wspomaganie rozwoju wychowanków / Find
    • c
    • Pozostałe elementy strefy tytułu i oznaczenia odpowiedzialności (NP)
    • Władysław Grądzki ; Towarzystwo Internatów i Burs.
260 -Strefa adresu wydawniczego [ , ]
    • a
    • Miejsce wydania (P)
    • Białystok :
    • b
    • Nazwa wydawcy (P)
    • TIiB,
    • c
    • Data wydania (P)
    • cop. 2000.
300 -Strefa opisu fizycznego [ , ]
    • a
    • Określenie formy książki i/lub objętość (NP)
    • 119 s. ;
    • c
    • Format (NP)
    • 23 cm.
336 -Typ zawartości [ , ]
    • a
    • Termin opisujący typ zawartości
    • Tekst
    • b
    • Kod określający zawartość
    • txt
    • 2
    • Źródło (terminu i kodu)
    • rdacontent
337 -Typ mediów [ , ]
    • a
    • Tryb odtwarzania
    • Bez urządzenia pośredniczącego
    • b
    • Kod typu mediów
    • n
    • 2
    • Źródło (terminu i kodu)
    • rdamedia
338 -Typ/rodzaj nośnika [ , ]
    • a
    • Hasło opisujące typ nośnika
    • Wolumin
    • b
    • Kod typu nośnika
    • nc
    • 2
    • Źródło (terminu i kodu)
    • rdacarrier
504 -Uwaga dot. bibliogr. załącznikowej [ , ]
    • a
    • Uwaga dot. bibliografii załącznikowej
    • Bibliogr. s. 116-119.
080 -Uniwersalna Klasyfikacja Dziesiętna [ , ]
    • a
    • Symbol klasyfikacji
    • 37.018.3
    • 9
    • UKD
    • 3842
    • 2
    • Identyfikator wydania tablic
    • UDC-P058
    • b
    • Dopowiedzenie
    • Wychowanie w placówkach opiekuńczo-wychowawczych. Internaty. Wioski dziecięce. Domy dziecka.
650 -Hasło przedmiotowe [ ,7]
    • a
    • Hasło przedmiotowe
    • Internaty
    • z
    • Określnik geograficzny
    • Polska.
    • 2
    • Źródło terminu
    • kaba
    • 9
    • KHW
    • 375016
650 -Hasło przedmiotowe [ ,7]
    • a
    • Hasło przedmiotowe
    • Interakcja w edukacji.
    • 2
    • Źródło terminu
    • kaba
    • 9
    • KHW
    • 112199
650 -Hasło przedmiotowe [ ,7]
    • a
    • Hasło przedmiotowe
    • Samorząd w edukacji.
    • 2
    • Źródło terminu
    • kaba
    • 9
    • KHW
    • 146246
650 -Hasło przedmiotowe [ ,7]
    • a
    • Hasło przedmiotowe
    • Wychowawcy
    • x
    • Określnik rzeczowy
    • praca
    • z
    • Określnik geograficzny
    • Polska.
    • 2
    • Źródło terminu
    • kaba
    • 9
    • KHW
    • 383532
980 -Symbol UKD [ , ]
    • a
    • UKD
    • 37.018.3
920 -ISBN [ , ]
    • a
    • ISBN
    • 83-903703-7-9 Find
Data inwentaryzacji Lokalizacja Status udost. Numer inwentarzowy
2001-07-24BG1Pd.14033